| Tag |
First Indicator |
Second Indicator |
Subfields |
| LEADER |
00000cam a2200000 4500 |
| 001 |
in00000095866 |
| 005 |
20150925085811.0 |
| 008 |
730824m19731973enka b 00110 eng |
| 010 |
|
|
|a 73166868
|
| 015 |
|
|
|a GB73-10619 (v. 1)
|
| 020 |
|
|
|a 0046210180 (v. 1)
|
| 035 |
|
|
|a (OCoLC)00702512
|
| 035 |
|
|
|9 AAL2089AM
|
| 040 |
|
|
|a DLC
|c DLC
|d m.c.
|d TXA
|d UtOrBLW
|
| 049 |
|
|
|a TXAM
|v 1 [1136884]
|
| 050 |
0 |
0 |
|a TK5101
|b .H48
|
| 082 |
0 |
|
|a 621.38/08
|
| 100 |
1 |
|
|a Hills, M. T.
|q (Michael Turner)
|
| 245 |
1 |
0 |
|a Telecommunication systems design /
|c by M. T. Hills [and] B. G. Evans.
|
| 264 |
|
1 |
|a London :
|b Allen and Unwin,
|c 1973.
|
| 300 |
|
|
|a 1 volume :
|b illustrations ;
|c 24 cm.
|
| 336 |
|
|
|a text
|b txt
|2 rdacontent
|
| 337 |
|
|
|a unmediated
|b n
|2 rdamedia
|
| 338 |
|
|
|a volume
|b nc
|2 rdacarrier
|
| 504 |
|
|
|a Includes bibliographical references and index.
|
| 650 |
|
0 |
|a Telecommunication systems.
|
| 700 |
1 |
|
|a Evans, B. G.
|q (Barry George)
|
| 999 |
|
|
|a MARS
|
| 999 |
f |
f |
|s 24ec8adf-f7c9-3444-a1d3-895b3af41ec4
|i cc76b1c7-a462-354e-80bf-eb4e22d5a396
|t 0
|
| 952 |
f |
f |
|p ric
|a Texas A&M University
|b Rellis Campus
|c Joint Library Facility
|d Remote Storage
|t 0
|e TK5101 .H48
|h Library of Congress classification
|i unmediated -- volume
|k v.1
|m A14805479374
|
| 998 |
f |
f |
|a TK5101 .H48
|s v.1
|t 0
|l Remote Storage
|